| 000 | 00672nam a22001937a 4500 | ||
|---|---|---|---|
| 005 | 20251108173658.0 | ||
| 008 | 250721s2007 xx 000 0 ara d | ||
| 020 | _a9960551075 | ||
| 082 | 1 | 4 | _a641.4/ساع |
| 100 | 1 | _aالساعد، علي كامل يوسف | |
| 245 | 1 | 0 | _aالمواد المضافة للأغذية : استعمالاتها و إيجابياتها و سلبياتها / |
| 264 | 1 |
_aالرياض : _bجامعة الملك سعود للنشر العلمي و المطابع، _c2007. |
|
| 300 | _a390 ص. | ||
| 650 | 1 | 7 | _aالأغذية |
| 650 | 1 | 7 | _aحفظ الأغذية |
| 650 | 1 | 7 | _aصحة الغذاء |
| 942 |
_2ddc _cBK |
||
| 999 |
_c109769 _d109769 |
||